1137 1904 1622 1043 1522 1690 1194 1976 1475 1702 1020 1249 1836 1942 1717 1423 1423 1206 1258 1845 1245 1903 1893 1393 1104 1324 1503 1011 1974 1097 1269 1544 1848 1738 1999 1886 1116 1685 1666 1376 1171 1895 1273 1013 1860 1937 1632 1823 1229 1585 1142 1473 1259 1267 1234 1696 1344 1079 1497 1865 1203 1487 1281 1314 1870 1740 1370 1270 1370 1554 1181 1009 1840 1143 1181 1695 1809 1220 1491 1601 1434 1372 1553 1433 1180 1527 1236 1887 1625 1413 1037 1192 1288 1937 1948 1139 1879 1184 1153 BCNSPRNW ULIB Ver.6.0+V

เปลี่ยนเป็นภาษาไทย

Change to English
 แสดงรายละเอียดบรรณานุกรม
  กลับหน้าหลัก

Brief Record : Get Marc (ISO 2709) : E-mail record : QR code < ปิดหน้าต่าง
LEADER : 00000nam 2200000uu 4500
001    13399112641
003     ULIB
008    110829s2551||||th 000 0 tha d
020    9789745824164
050 04 HV5740^bม686ท 2551
245 00 2 ทศวรรษการรณรงค์เพื่อการไม่สูบบุหรี่ /^cมูลนิธิรณรงค์เพื่อการไม่สูบบุหรี่ ; บรรณาธิการ, ประกิต วาทีสาธกกิจ ; กองบรรณาธิการ : บังอร ฤทธิภักดี, แสงเดือน สุวรรณรัศมี
250    พิมพ์ครั้งที่ 1
260    กรุงเทพฯ :^bมูลนิธิรณรงค์เพื่อการไม่สูบบุหรี่,^c2551
300    242 หน้า :^bภาพประกอบสี ;^c29 ซม.
650  4 การงดสูบบุหรี่^zไทย
650  4 การสูบบุหรี่^xการป้องกันและควบคุม
700 0  ประกิต วาทีสาธกกิจ,^eบรรณาธิการ
700 0  บังอร ฤทธิภักดี,^eบรรณาธิการ
700 0  แสงเดือน สุวรรณรัศมี,^eบรรณาธิการ
710 2  มูลนิธิรณรงค์เพื่อการไม่สูบบุหรี่
945    ^p0^l0^i027758
945    ^p0^l0^i027759
995    ทศพร
999 ^a ทศพร
รายการนี้ยังไม่มีแท็ก
คุณยังไม่ได้ล็อกอิน คุณสามารถมีกิจกรรมร่วมกับเว็บไซต์ได้ แต่ต้องล็อกอินก่อน ::
  ล็อกอิน

รายการสื่อสารสนเทศ

ลำดับที่ ประเภท เลขเรียก/บาร์โค้ด สถานที่ สถานะ
- ไม่พบข้อมูล -

BibComment


ยังไม่เคยถูกคอมเมนท์

คอมเมนท์ทรัพยากรรายการนี้
  คอมเมนท์: 2 ทศวรรษการรณรงค์..


 Copyright 2026. Bcnsprnw @Library